000 00706nam a2200193 i 4500
001 22680
003 ES-MaACL
005 20230906152735.0
007 t|
008 021204s1973 sp ||||1| spa d
100 1 _aAltisent, Miguel.
_920548
245 1 3 _aEl canto gregoriano
_b: un modelo de música religiosa /
_cpor Miguel Altisent ; versión castellan de Vicente Pérez Jorge.
260 _aTarrega :
_bCamps Calmet,
_c1973.
300 _a257 p., 1 lám. ;
_c24 cm.
500 _aPrecede al tít.: Conservatorio Superior Municipal de Barcelona.
700 1 _aPérez Jorge, Vicente.
_990957
710 2 _aConservatorio Superior Municipal de Barcelona.
_93256
852 _aES-MaACL
_jC-55440
_bR.88189
999 _c22680
_d22680